Statistics for Current Australian Defence Force Aircraft

Click here to take the quiz!

General Stats

  • This quiz has been taken 61 times
  • The average score is 13 of 32

Answer Stats

SerialSquadron and LocationAircraft TypeRole% Correct
A21-xx3 / 77 Squadron, WilliamtownMcDonnell-Douglas F/A-18A HornetFighter
81%
A21-xx75 Squadron, TindalMcDonnell-Douglas F/A-18A HornetFighter
81%
A35not yet in serviceLockheed-Martin F-35A Lightning IIFighter
79%
A4136 Squadron, AmberleyBoeing C-17A Globemaster IIIHeavy Cargo
77%
A9737 Squadron, RichmondLockheed C-130J HerculesMedium Cargo
77%
A15C Sqn, 5 Army Aviation Regt., TownsvilleBoeing Vertol CH-47F ChinookHeli. Cargo
74%
79 Squadron, PearceBritish Aerospace Hawk Mk.127Training
67%
A21-1xx2 Operational Conversion Unit, WilliamtownMcDonnell-Douglas F/A-18B HornetFighter Training
63%
A256 Army Aviation Regt., HolsworthySikorsky S-70A-9 Black HawkHeli. Cargo
53%
A910 / 11 Squadron, EdinburghLockheed AP-3C OrionPatrol
51%
A3435 Squadron, RichmondAlenia C-27J SpartanMedium Cargo
44%
A466 Squadron, AmberleyBoeing EA-18G GrowlerElec. Warfare
44%
A2776 Squadron, WilliamtownBritish Aerospace Hawk Mk.127Training
44%
A4710 / 11 Squadron, EdinburghBoeing P-8A PoseidonPatrol
42%
A441 Squadron, AmberleyBoeing F/A-18F Super HornetFighter
40%
A302 Squadron, WilliamtownBoeing E-7A WedgetailAEW&C
37%
A381 Army Aviation Regt., DarwinEurocopter Tiger ARHHeli. Attack
35%
A234 Squadron, WilliamtownPilatus PC-9AForward Air Control
33%
A232 Flying Training School, PearcePilatus PC-9ATraining
33%
A23Central Flying School / Roulettes, East SalePilatus PC-9ATraining
33%
A3933 Squadron, AmberleyAirbus KC-30A MRTTAir-Air Refuel
30%
A54not yet in squadron servicePilatus PC-21Training
30%
N24816 Squadron RAN, HMAS AlbatrossSikorsky S-70B-2 SeahawkHeli. Patrol
28%
38 Squadron, TownsvilleBeech Super King Air 350Transport
23%
A3232 Squadron, East SaleBeech Super King Air 350Transport
23%
A3634 Squadron, FairbairnBoeing Business JetStaff Transport
23%
A40A / B Sqn, 5 Army Aviation Regt., TownsvilleNHIndustries MRH-90Heli. Cargo
19%
A40808 Squadron RAN, HMAS AlbatrossNHIndustries MRH-90Heli. Cargo
19%
N48725 Squadron RAN, HMAS AlbatrossSikorsky MH-60R Seahawk RomeoHeli. Patrol
12%
A3734 Squadron, FairbairnBombardier CL-604 ChallengerStaff Transport
9%
A17161 Reconnaissance Sqn, DarwinCAC CA-32 KiowaHeli. Obs
7%
A17Army Helicopter School, OakeyCAC CA-32 KiowaHeli. Training
7%

Score Distribution

Percentile by Number Answered

Percent of People with Each Score

Your Score History

You have not taken this quiz